00510nam a2200181 a 4500001001300000003000900013005001700022008004100039020000900080082001600089100002300105245007400128260003800202300000800240500003500248650002200283700002300305nice12345678IN_TiNIC20260116014850.0110111s2010 newa grp 000 0 eng  ac3000a339.46bMUK aMukherjee, Amitava aMicro-Level Hunder in Contemporary Indiab Perspectives of the Hungry aNew Delhi bNavdanya/rfste c2010 a39p aincludes index and biblioraphy aEconomics-Poverty1 aMukherjee, Amitava